Impact of Administrative Barriers on the Success of EU Projects

Administratívne bariéry ako problém zabezpečenia efektívneho financovania prostredníctvom projektov podporovaných z politiky súdržnosti EÚ v menej rozvinutých regiónoch EÚ. Administratívnu záťaž a jej vnímanie žiadateľmi a príjemcami pomoci na Slovensku. Legislatívna a administratívna záťaž a jej vp...

ver descrição completa

Na minha lista:
Detalhes bibliográficos
Autor principal: Drotár, Matúš
Outros Autores: Šipikal, Miroslav, 1976-
Formato: Capítulo de Livro
Idioma:inglês
Assuntos:
Tags: Adicionar Tag
Sem tags, seja o primeiro a adicionar uma tag!

MARC

LEADER 00000naa$a2200000$$$4500
001 0268590
005 20240502083805.0
041 0 |a eng 
044 |a RS 
245 1 0 |a Impact of Administrative Barriers on the Success of EU Projects  |c Matúš Drotár, Miroslav Šipikal 
520 |a Administratívne bariéry ako problém zabezpečenia efektívneho financovania prostredníctvom projektov podporovaných z politiky súdržnosti EÚ v menej rozvinutých regiónoch EÚ. Administratívnu záťaž a jej vnímanie žiadateľmi a príjemcami pomoci na Slovensku. Legislatívna a administratívna záťaž a jej vplyv na úspešnosť projektov v štádiu ich prípravy. 
610 2 0 |a politika kohézna 
610 2 0 |a financovanie 
610 2 0 |a projekty 
610 2 0 |a Slovensko 
610 2 0 |a Európska únia 
100 1 |a Drotár, Matúš 
700 1 |a Šipikal, Miroslav, 1976-